Normal view
MARC view
Entry Personal Name
001 - CONTROL NUMBER
- control field: 17489
003 - CONTROL NUMBER IDENTIFIER
- control field: ARRUPE
005 - DATE AND TIME OF LATEST TRANSACTION
- control field: 20150422145344.0
008 - FIXED-LENGTH DATA ELEMENTS
- fixed length control field: 150422|| aca||aabn | a|a d
040 ## - CATALOGING SOURCE
- Original cataloging agency: ARRUPE
- Transcribing agency: ARRUPE
100 ## - HEADING--PERSONAL NAME
- Personal name: Ratnasekera, J.L.
670 ## - SOURCE DATA FOUND
- Source citation: Work cat.: (ARRUPE): Ratnasekera, J.L., The Theravada bhuddhist understanding of ethics : a critical appraisal of of the eight-fold path of moral perfection , 2006